[Event "2019 Tom Weston Open Major"]
[Site "Cardiff"]
[Date "2019.04.20"]
[Round "4.4"]
[White "Camp, Syringa Lyn"]
[Black "Di-Vetta, Andrew"]
[Result "0-1"]
[WhiteElo "1655"]
[BlackElo "1730"]
[PlyCount "84"]
[EventDate "2019.04.19"]
[EventType "swiss"]
[EventRounds "7"]
[EventCountry "WLS"]
[WhiteClock "0:36:07"]
[BlackClock "0:59:05"]

1. e4 {[%emt 0:00:02]} c5 {[%emt 0:00:04]} 2. d4 {[%emt 0:00:18]} cxd4 {
[%emt 0:00:05]} 3. c3 {[%emt 0:00:07]} dxc3 {[%emt 0:00:05]} 4. Nxc3 {[%emt 0:
00:11]} Nc6 {[%emt 0:00:07]} 5. Nf3 {[%emt 0:01:00]} e6 {[%emt 0:00:13]} 6. Bc4
{[%emt 0:02:03]} a6 {[%emt 0:01:32]} 7. Qe2 {[%emt 0:01:28]} Bb4 {[%emt 0:01:
58]} 8. a3 {[%emt 0:02:09]} Bxc3+ {[%emt 0:01:19]} 9. bxc3 {[%emt 0:00:09]}
Nge7 {[%emt 0:00:22]} 10. O-O {[%emt 0:01:54]} O-O {[%emt 0:00:34]} 11. Rd1 {
[%emt 0:06:03]} Ng6 {[%emt 0:06:17]} 12. a4 {[%emt 0:10:35]} Qa5 {[%emt 0:01:
14]} 13. Bd2 {[%emt 0:09:54]} d5 {[%emt 0:05:25]} 14. exd5 {[%emt 0:01:14]}
exd5 {[%emt 0:00:07]} 15. Bd3 {[%emt 0:04:59]} Qc7 {[%emt 0:01:53]} 16. Bxg6 {
[%emt 0:04:37]} fxg6 {[%emt 0:00:59]} 17. Be3 {[%emt 0:03:55]} Bg4 {[%emt 0:03:
42]} 18. h3 {[%emt 0:02:24]} Bxf3 {[%emt 0:01:19]} 19. gxf3 {[%emt 0:00:09]}
Qf7 {[%emt 0:02:54]} 20. f4 {[%emt 0:03:47]} Rfe8 21. Qg4 {[%emt 0:05:15]} Rad8
22. Bb6 {[%emt 0:04:19]} Rd6 {[%emt 0:01:44]} 23. a5 {[%emt 0:04:34]} Rf6 24.
Be3 {[%emt 0:03:59]} Rf5 25. h4 Re4 26. Rd3 h6 27. Qd1 Kh7 28. Qb3 Rh5 29. Kg2
Qe7 30. Rxd5 Rxe3 31. Rxh5 Qe4+ 32. Kg1 Re1+ 33. Rxe1 Qxe1+ 34. Kg2 gxh5 35.
Qxb7 Qxc3 36. Qxa6 Nxa5 37. f3 Nc6 38. Qe2 Qf6 39. Kh3 Ne7 40. Qe4+ Nf5 41. Kg2
Qg6+ 42. Kh3 Qg3# 0-1

[Event "2019 Tom Weston Open Major"]
[Site "Cardiff"]
[Date "2019.04.20"]
[Round "4.5"]
[White "Mcintosh, David"]
[Black "Simpson, Rui"]
[Result "0-1"]
[WhiteElo "1484"]
[BlackElo "1718"]
[PlyCount "66"]
[EventDate "2019.04.19"]
[EventType "swiss"]
[EventRounds "7"]
[EventCountry "WLS"]

1. d4 {[%emt 0:00:02]} Nf6 {[%emt 0:00:05]} 2. c4 {[%emt 0:00:08]} e6 {[%emt 0:
00:04]} 3. Nc3 {[%emt 0:00:09]} Bb4 {[%emt 0:00:04]} 4. Qc2 {[%emt 0:00:07]} d5
{[%emt 0:00:24]} 5. cxd5 {[%emt 0:05:00]} Nxd5 {[%emt 0:02:20]} 6. Bd2 {
[%emt 0:01:28]} O-O {[%emt 0:01:40]} 7. e3 {[%emt 0:01:16]} b6 {[%emt 0:02:35]}
8. a3 {[%emt 0:01:15]} Bxc3 {[%emt 0:01:16]} 9. bxc3 {[%emt 0:00:12]} Nd7 {
[%emt 0:02:39]} 10. Be2 {[%emt 0:03:42]} c5 {[%emt 0:04:42]} 11. Bf3 {[%emt 0:
02:02]} Rb8 {[%emt 0:00:18]} 12. Ne2 {[%emt 0:07:08]} Bb7 {[%emt 0:02:55]} 13.
c4 {[%emt 0:03:12]} N5f6 {[%emt 0:00:50]} 14. Bxb7 {[%emt 0:01:20]} Rxb7 {
[%emt 0:00:03]} 15. Rb1 {[%emt 0:04:42]} cxd4 {[%emt 0:03:10]} 16. exd4 {
[%emt 0:00:18]} Rc7 {[%emt 0:03:10]} 17. Bb4 {[%emt 0:06:29]} Re8 {[%emt 0:00:
24]} 18. c5 {[%emt 0:01:16]} bxc5 {[%emt 0:02:53]} 19. Ba5 {[%emt 0:01:43]} Nb6
{[%emt 0:04:26]} 20. dxc5 {[%emt 0:02:56]} Qd5 {[%emt 0:04:42]} 21. Bxb6 {
[%emt 0:01:43]} axb6 {[%emt 0:00:37]} 22. Rxb6 {[%emt 0:01:48]} Rxc5 {[%emt 0:
00:53]} 23. Qb2 {[%emt 0:00:59]} Qxg2 {[%emt 0:05:13]} 24. Ng3 {[%emt 0:07:01]}
h6 {[%emt 0:06:12]} 25. Rb8 {[%emt 0:07:03]} Rec8 {[%emt 0:10:46]} 26. Ke2 {
[%emt 0:09:02]} Qc6 {[%emt 0:02:20]} 27. Rxc8+ {[%emt 0:03:39]} Qxc8 {[%emt 0:
01:09]} 28. Qb4 {[%emt 0:02:13]} Rc2+ {[%emt 0:05:05]} 29. Kd3 {[%emt 0:03:05]}
Nd5 {[%emt 0:03:55]} 30. Qd4 {[%emt 0:02:58]} Qc3+ {[%emt 0:04:30]} 31. Ke4 {
[%emt 0:01:27]} Nf6+ {[%emt 0:04:24]} 32. Ke5 {[%emt 0:00:48]} Qc7+ {[%emt 0:
00:22]} 33. Qd6 {[%emt 0:00:51]} Ng4+ {[%emt 0:00:27]} 0-1

[Event "2019 Tom Weston Open Major"]
[Site "Cardiff"]
[Date "2019.04.20"]
[Round "4.6"]
[White "Van Veelen, Thomas"]
[Black "Hurn, Robert Aj"]
[Result "1-0"]
[WhiteElo "2056"]
[BlackElo "1623"]
[PlyCount "107"]
[EventDate "2019.04.19"]
[EventType "swiss"]
[EventRounds "7"]
[EventCountry "WLS"]

1. d4 {[%emt 0:00:01]} Nf6 {[%emt 0:00:07]} 2. c4 {[%emt 0:00:03]} e6 {[%emt 0:
00:05]} 3. Nf3 {[%emt 0:00:10]} d5 {[%emt 0:00:06]} 4. Nc3 {[%emt 0:00:11]} c6
{[%emt 0:00:04]} 5. Bg5 {[%emt 0:00:12]} Nbd7 {[%emt 0:01:45]} 6. e3 {[%emt 0:
00:09]} Qa5 {[%emt 0:00:47]} 7. Nd2 {[%emt 0:01:36]} Bb4 {[%emt 0:00:28]} 8.
Qc2 {[%emt 0:01:08]} O-O {[%emt 0:03:21]} 9. Bh4 {[%emt 0:06:25]} Re8 {[%emt 0:
05:54]} 10. Be2 {[%emt 0:05:46]} e5 {[%emt 0:01:48]} 11. dxe5 {[%emt 0:00:22]}
Rxe5 {[%emt 0:00:47]} 12. O-O {[%emt 0:00:32]} Bd6 {[%emt 0:03:43]} 13. Nb3 {
[%emt 0:10:10]} Qc7 {[%emt 0:00:44]} 14. c5 {[%emt 0:00:43]} Nxc5 {[%emt 0:02:
13]} 15. Nxc5 {[%emt 0:00:07]} Bxc5 {[%emt 0:05:46]} 16. Bg3 {[%emt 0:01:14]}
Bd6 {[%emt 0:02:00]} 17. Bxe5 {[%emt 0:02:22]} Bxe5 {[%emt 0:00:14]} 18. f4 {
[%emt 0:01:09]} Bd6 {[%emt 0:00:35]} 19. Rac1 {[%emt 0:00:23]} Qe7 {[%emt 0:01:
06]} 20. Nd1 {[%emt 0:06:11]} Bd7 {[%emt 0:01:14]} 21. Bf3 {[%emt 0:15:41]} Re8
{[%emt 0:01:19]} 22. Qd3 {[%emt 0:03:58]} Bc5 {[%emt 0:01:14]} 23. Rc3 {
[%emt 0:00:22]} Bb6 {[%emt 0:01:05]} 24. Kh1 {[%emt 0:04:42]} g6 {[%emt 0:01:
12]} 25. a3 {[%emt 0:04:46]} Bf5 {[%emt 0:00:38]} 26. Qd2 {[%emt 0:00:28]} Be4
{[%emt 0:01:18]} 27. Qe2 {[%emt 0:04:15]} Bf5 {[%emt 0:01:09]} 28. g4 {[%emt 0:
06:41]} Be4 {[%emt 0:00:39]} 29. Qg2 {[%emt 0:00:15]} Bxf3 {[%emt 0:02:50]} 30.
Qxf3 {[%emt 0:03:01]} Ne4 {[%emt 0:00:32]} 31. Rc2 {[%emt 0:00:37]} a6 {
[%emt 0:06:31]} 32. Qh3 {[%emt 0:08:46]} Nf6 {[%emt 0:05:56]} 33. Rf3 {[%emt 0:
11:14]} Bc7 {[%emt 0:03:03]} 34. Rg2 {[%emt 0:00:29]} Bd6 {[%emt 0:05:50]} 35.
g5 {[%emt 0:00:50]} Nd7 {[%emt 0:03:54]} 36. f5 {[%emt 0:00:36]} Qf8 {[%emt 0:
01:03]} 37. fxg6 {[%emt 0:01:05]} hxg6 {[%emt 0:00:15]} 38. Nf2 {[%emt 0:01:01]
} Ne5 {[%emt 0:00:59]} 39. Ng4 {[%emt 0:00:17]} Nxg4 {[%emt 0:01:07]} 40. Rxg4
{[%emt 0:00:56]} Re4 {[%emt 0:00:37]} 41. Rxe4 {[%emt 0:03:40]} dxe4 {[%emt 0:
00:13]} 42. Rf2 {[%emt 0:01:01]} Be5 {[%emt 0:00:59]} 43. Qd7 {[%emt 0:02:42]}
b5 {[%emt 0:02:20]} 44. Qxc6 {[%emt 0:01:19]} Qd8 {[%emt 0:00:35]} 45. Qxe4 {
[%emt 0:01:18]} Qxg5 {[%emt 0:01:56]} 46. Qb7 {[%emt 0:02:34]} f5 {[%emt 0:01:
01]} 47. Qd5+ {[%emt 0:00:14]} Kh7 {[%emt 0:00:41]} 48. Qxe5 {[%emt 0:00:14]}
Qg4 {[%emt 0:00:23]} 49. Qd5 {[%emt 0:00:56]} Qh3 {[%emt 0:00:35]} 50. Qf3 {
[%emt 0:04:46]} Qh4 {[%emt 0:00:51]} 51. e4 {[%emt 0:00:20]} fxe4 {[%emt 0:01:
04]} 52. Qf7+ {[%emt 0:00:12]} Kh6 {[%emt 0:01:33]} 53. Qf8+ {[%emt 0:00:05]}
Kg5 {[%emt 0:00:48]} 54. Rg2+ {[%emt 0:00:15]} 1-0

[Event "2019 Tom Weston Open Major"]
[Site "Cardiff"]
[Date "2019.04.20"]
[Round "4.7"]
[White "Fraser, Susanna"]
[Black "Borkowski, J Andrew"]
[Result "1/2-1/2"]
[WhiteElo "1649"]
[BlackElo "1796"]
[PlyCount "105"]
[EventDate "2019.04.19"]
[EventType "swiss"]
[EventRounds "7"]
[EventCountry "WLS"]

1. d4 {[%emt 0:00:02]} d6 {[%emt 0:00:04]} 2. c4 {[%emt 0:00:09]} e5 {[%emt 0:
00:07]} 3. dxe5 {[%emt 0:00:28]} dxe5 {[%emt 0:00:09]} 4. Qxd8+ {[%emt 0:00:14]
} Kxd8 {[%emt 0:00:02]} 5. Nc3 {[%emt 0:00:10]} Be6 {[%emt 0:00:33]} 6. Nf3 {
[%emt 0:00:57]} f6 {[%emt 0:00:38]} 7. e4 {[%emt 0:01:51]} Bc5 {[%emt 0:03:50]}
8. Be2 {[%emt 0:01:17]} c6 {[%emt 0:00:35]} 9. O-O {[%emt 0:00:56]} Nd7 {
[%emt 0:00:42]} 10. Rb1 {[%emt 0:01:17]} a5 {[%emt 0:00:33]} 11. Bd2 {[%emt 0:
04:57]} Ne7 {[%emt 0:02:34]} 12. Rfd1 {[%emt 0:01:03]} Kc7 {[%emt 0:00:59]} 13.
Na4 {[%emt 0:02:09]} Bd4 {[%emt 0:05:41]} 14. Nxd4 {[%emt 0:01:11]} exd4 {
[%emt 0:00:06]} 15. Bf4+ {[%emt 0:00:20]} Ne5 {[%emt 0:01:26]} 16. Rxd4 {
[%emt 0:00:51]} b6 {[%emt 0:04:50]} 17. h3 {[%emt 0:01:52]} Rhd8 {[%emt 0:03:
14]} 18. Rxd8 {[%emt 0:02:56]} Rxd8 {[%emt 0:00:10]} 19. b4 {[%emt 0:05:45]}
N7g6 {[%emt 0:03:19]} 20. Be3 {[%emt 0:01:25]} Nd7 {[%emt 0:05:44]} 21. bxa5 {
[%emt 0:02:25]} bxa5 {[%emt 0:00:54]} 22. Rd1 {[%emt 0:01:13]} Nge5 {[%emt 0:
03:58]} 23. Nb6 {[%emt 0:03:39]} Rb8 {[%emt 0:07:55]} 24. Nxd7 {[%emt 0:05:24]}
Nxd7 {[%emt 0:03:22]} 25. Bf4+ {[%emt 0:01:23]} Ne5 {[%emt 0:01:43]} 26. Bg3 {
[%emt 0:00:11]} g5 {[%emt 0:04:24]} 27. h4 {[%emt 0:05:05]} h6 {[%emt 0:00:48]}
28. f4 {[%emt 0:02:25]} gxf4 {[%emt 0:01:30]} 29. Bxf4 {[%emt 0:00:08]} Rb2 {
[%emt 0:05:19]} 30. Rd2 {[%emt 0:00:49]} Rxd2 {[%emt 0:01:22]} 31. Bxd2 {
[%emt 0:00:20]} Nxc4 {[%emt 0:02:27]} 32. Bxc4 {[%emt 0:01:26]} Bxc4 {[%emt 0:
00:05]} 33. Bxa5+ {[%emt 0:00:04]} Kd6 {[%emt 0:00:45]} 34. Bc3 {[%emt 0:05:04]
} Ke6 {[%emt 0:02:34]} 35. a4 {[%emt 0:00:08]} Bd3 {[%emt 0:03:23]} 36. a5 {
[%emt 0:00:28]} c5 {[%emt 0:03:11]} 37. Kf2 {[%emt 0:01:40]} Bxe4 {[%emt 0:00:
08]} 38. g3 {[%emt 0:06:31]} h5 {[%emt 0:00:53]} 39. Ke3 {[%emt 0:00:27]} Bd5 {
[%emt 0:01:25]} 40. Kf4 {[%emt 0:04:10]} Bb7 {[%emt 0:02:09]} 41. Bd2 {[%emt 0:
00:21]} Ba6 {[%emt 0:02:08]} 42. Be3 {[%emt 0:01:58]} c4 {[%emt 0:00:08]} 43.
Ke4 {[%emt 0:00:10]} f5+ {[%emt 0:02:30]} 44. Kf4 {[%emt 0:05:34]} Kf6 {
[%emt 0:00:09]} 45. Bd4+ {[%emt 0:00:07]} Kg6 {[%emt 0:00:07]} 46. Ke5 {
[%emt 0:00:07]} Kf7 {[%emt 0:07:39]} 47. Kxf5 {[%emt 0:00:42]} Bc8+ {[%emt 0:
00:58]} 48. Ke5 {[%emt 0:00:38]} Ke7 {[%emt 0:00:32]} 49. Kd5 {[%emt 0:00:15]}
Kd7 {[%emt 0:00:39]} 50. Kxc4 {[%emt 0:00:23]} Kc6 {[%emt 0:00:58]} 51. Bb6 {
[%emt 0:01:17]} Kb7 {[%emt 0:00:32]} 52. Kd4 {[%emt 0:07:07]} Bg4 {[%emt 0:00:
31]} 53. Kc5 {[%emt 0:01:45]} 1/2-1/2

[Event "2019 Tom Weston Open Major"]
[Site "Cardiff"]
[Date "2019.04.20"]
[Round "4.8"]
[White "Thomas, Roy"]
[Black "Probert, Malcolm"]
[Result "1-0"]
[WhiteElo "1737"]
[BlackElo "1585"]
[PlyCount "73"]
[EventDate "2019.04.19"]
[EventType "swiss"]
[EventRounds "7"]
[EventCountry "WLS"]

1. f4 {[%emt 0:15:05]} g6 {[%emt 0:00:12]} 2. Nf3 {[%emt 0:00:10]} Bg7 {
[%emt 0:00:12]} 3. e4 {[%emt 0:00:52]} c6 {[%emt 0:00:27]} 4. Be2 {[%emt 0:01:
49]} d5 {[%emt 0:00:13]} 5. e5 {[%emt 0:00:08]} h5 {[%emt 0:00:21]} 6. O-O {
[%emt 0:01:12]} Nh6 {[%emt 0:01:10]} 7. d4 {[%emt 0:00:26]} Bg4 {[%emt 0:00:43]
} 8. Nbd2 {[%emt 0:13:45]} Nf5 {[%emt 0:02:13]} 9. Nb3 {[%emt 0:02:55]} Nd7 {
[%emt 0:06:33]} 10. Ng5 {[%emt 0:02:24]} Bxe2 {[%emt 0:01:06]} 11. Qxe2 {
[%emt 0:00:14]} e6 {[%emt 0:00:16]} 12. Bd2 {[%emt 0:04:51]} Qb6 {[%emt 0:05:
49]} 13. Ba5 {[%emt 0:05:46]} Qb5 {[%emt 0:08:48]} 14. Qd2 {[%emt 0:06:34]} b6
{[%emt 0:04:37]} 15. a4 {[%emt 0:01:11]} Qa6 {[%emt 0:00:16]} 16. Bb4 {[%emt 0:
01:06]} Rc8 {[%emt 0:03:52]} 17. a5 {[%emt 0:05:06]} Qb7 {[%emt 0:03:05]} 18.
axb6 {[%emt 0:05:40]} axb6 {[%emt 0:00:18]} 19. Qf2 {[%emt 0:16:04]} Bf8 {
[%emt 0:01:46]} 20. Bxf8 {[%emt 0:01:48]} Kxf8 {[%emt 0:00:08]} 21. h3 {
[%emt 0:01:59]} c5 {[%emt 0:03:59]} 22. c3 {[%emt 0:00:25]} c4 {[%emt 0:01:14]}
23. Nd2 {[%emt 0:00:19]} h4 {[%emt 0:08:16]} 24. Ra2 {[%emt 0:02:20]} Ra8 {
[%emt 0:00:14]} 25. Rfa1 {[%emt 0:00:08]} Rxa2 {[%emt 0:00:15]} 26. Rxa2 {
[%emt 0:00:05]} Ke7 {[%emt 0:04:33]} 27. Ndf3 {[%emt 0:01:53]} b5 {[%emt 0:01:
40]} 28. Qe1 {[%emt 0:00:15]} Nb8 {[%emt 0:05:09]} 29. Qa1 {[%emt 0:00:36]} Nc6
{[%emt 0:00:16]} 30. Ra6 {[%emt 0:02:11]} Kf8 {[%emt 0:15:57]} 31. Qa3+ {
[%emt 0:01:38]} Kg7 {[%emt 0:00:26]} 32. Qa1 {[%emt 0:01:03]} Nd8 {[%emt 0:05:
17]} 33. Ra7 {[%emt 0:01:16]} Qb6 {[%emt 0:02:38]} 34. Nh2 {[%emt 0:00:28]} Nc6
{[%emt 0:01:52]} 35. Rxf7+ {[%emt 0:01:04]} Kh6 {[%emt 0:07:10]} 36. Ng4+ {
[%emt 0:00:28]} Kh5 {[%emt 0:00:09]} 37. Nxe6 {[%emt 0:01:26]} 1-0

[Event "2019 Tom Weston Open Major"]
[Site "Cardiff"]
[Date "2019.04.20"]
[Round "4.9"]
[White "Fox, Chris"]
[Black "Lewis, David"]
[Result "0-1"]
[WhiteElo "1685"]
[BlackElo "1558"]
[PlyCount "88"]
[EventDate "2019.04.19"]
[EventType "swiss"]
[EventRounds "7"]
[EventCountry "WLS"]

1. d4 {[%emt 0:00:01]} Nf6 {[%emt 0:01:22]} 2. c4 {[%emt 0:00:10]} c5 {[%emt 0:
00:34]} 3. d5 {[%emt 0:00:57]} e6 {[%emt 0:00:08]} 4. Nc3 {[%emt 0:00:10]} exd5
{[%emt 0:00:53]} 5. Nxd5 {[%emt 0:06:34]} Nxd5 {[%emt 0:00:19]} 6. Qxd5 {
[%emt 0:01:58]} Nc6 {[%emt 0:00:43]} 7. Nf3 {[%emt 0:02:32]} d6 {[%emt 0:00:19]
} 8. a3 {[%emt 0:02:55]} Be6 {[%emt 0:02:57]} 9. Qd3 {[%emt 0:12:41]} d5 {
[%emt 0:00:41]} 10. cxd5 {[%emt 0:00:22]} Qxd5 {[%emt 0:00:23]} 11. Qxd5 {
[%emt 0:00:11]} Bxd5 {[%emt 0:00:10]} 12. e3 {[%emt 0:00:54]} Be7 {[%emt 0:04:
27]} 13. Bd2 {[%emt 0:02:05]} Bf6 {[%emt 0:01:03]} 14. O-O-O {[%emt 0:04:36]}
Bb3 {[%emt 0:02:29]} 15. Re1 {[%emt 0:00:33]} O-O {[%emt 0:02:43]} 16. Bd3 {
[%emt 0:01:35]} Rad8 {[%emt 0:02:11]} 17. Bc2 {[%emt 0:00:21]} Be6 {[%emt 0:05:
39]} 18. e4 {[%emt 0:02:55]} Nd4 {[%emt 0:03:01]} 19. Nxd4 {[%emt 0:00:14]}
cxd4 {[%emt 0:00:57]} 20. Bd3 {[%emt 0:03:06]} Ba2 {[%emt 0:05:20]} 21. Kd1 {
[%emt 0:00:59]} Rc8 {[%emt 0:00:03]} 22. Ke2 {[%emt 0:00:11]} Rc6 {[%emt 0:03:
27]} 23. Rc1 {[%emt 0:00:44]} Bb3 {[%emt 0:04:04]} 24. f4 {[%emt 0:02:08]} Be7
{[%emt 0:04:11]} 25. Rxc6 {[%emt 0:02:16]} bxc6 {[%emt 0:00:05]} 26. Rc1 {
[%emt 0:00:20]} c5 {[%emt 0:00:41]} 27. Bc4 {[%emt 0:01:08]} Rb8 {[%emt 0:03:
17]} 28. Ba6 {[%emt 0:07:57]} g6 {[%emt 0:00:12]} 29. Kd3 {[%emt 0:06:19]} Rb6
30. Bc4 {[%emt 0:03:34]} Bxc4+ {[%emt 0:01:02]} 31. Rxc4 {[%emt 0:00:20]} Rxb2
{[%emt 0:00:20]} 32. a4 {[%emt 0:02:52]} Rb1 {[%emt 0:04:50]} 33. Rc1 {[%emt 0:
00:42]} Rb3+ {[%emt 0:00:42]} 34. Ke2 {[%emt 0:04:35]} Kg7 {[%emt 0:05:01]} 35.
Kd1 {[%emt 0:02:34]} Rb2 {[%emt 0:02:07]} 36. Rc4 {[%emt 0:03:19]} Kf6 {
[%emt 0:01:53]} 37. Kc1 {[%emt 0:01:07]} Ra2 {[%emt 0:02:20]} 38. Kd1 {[%emt 0:
02:26]} Ke6 {[%emt 0:00:40]} 39. Ke2 {[%emt 0:01:13]} f5 {[%emt 0:00:57]} 40.
exf5+ {[%emt 0:01:34]} gxf5 {[%emt 0:00:29]} 41. a5 {[%emt 0:00:25]} Kd5 {
[%emt 0:00:56]} 42. Rc1 {[%emt 0:00:22]} Rb2 {[%emt 0:01:14]} 43. g3 {[%emt 0:
00:56]} c4 {[%emt 0:00:22]} 44. Kd1 {[%emt 0:02:13]} Bb4 {[%emt 0:01:32]} 0-1

[Event "2019 Tom Weston Open Major"]
[Site "Cardiff"]
[Date "2019.04.20"]
[Round "4.10"]
[White "Evans, Thomas"]
[Black "Mcintosh, Rachel"]
[Result "0-1"]
[WhiteElo "1650"]
[BlackElo "1502"]
[PlyCount "64"]
[EventDate "2019.04.19"]
[EventType "swiss"]
[EventRounds "7"]
[EventCountry "WLS"]

1. e4 {[%emt 0:00:01]} e6 {[%emt 0:00:14]} 2. d4 {[%emt 0:00:07]} d5 {[%emt 0:
00:13]} 3. exd5 {[%emt 0:00:20]} exd5 {[%emt 0:00:26]} 4. Nc3 {[%emt 0:00:12]}
Nf6 {[%emt 0:00:51]} 5. Bf4 {[%emt 0:01:22]} Bb4 {[%emt 0:04:28]} 6. Bd3 {
[%emt 0:00:34]} O-O {[%emt 0:01:34]} 7. Nge2 {[%emt 0:02:21]} Nbd7 {[%emt 0:05:
44]} 8. O-O {[%emt 0:00:32]} a6 {[%emt 0:03:01]} 9. a3 {[%emt 0:03:01]} Bxc3 {
[%emt 0:03:33]} 10. bxc3 {[%emt 0:02:01]} Nb6 {[%emt 0:05:44]} 11. h3 {[%emt 0:
02:33]} Bd7 {[%emt 0:05:10]} 12. Re1 {[%emt 0:04:08]} Rc8 {[%emt 0:04:16]} 13.
Ng3 {[%emt 0:03:17]} Na4 {[%emt 0:08:10]} 14. Qd2 {[%emt 0:03:49]} c5 {[%emt 0:
04:39]} 15. dxc5 {[%emt 0:04:37]} Nxc5 {[%emt 0:02:24]} 16. Bd6 {[%emt 0:03:39]
} Re8 {[%emt 0:05:22]} 17. Rxe8+ {[%emt 0:03:52]} Nxe8 {[%emt 0:02:20]} 18.
Bxc5 {[%emt 0:00:57]} Rxc5 {[%emt 0:00:34]} 19. Qe3 {[%emt 0:00:11]} Qc8 {
[%emt 0:04:12]} 20. Nf5 {[%emt 0:06:01]} Kf8 {[%emt 0:11:07]} 21. Qe7+ {
[%emt 0:11:13]} Kg8 {[%emt 0:00:25]} 22. Qh4 {[%emt 0:01:19]} Bxf5 {[%emt 0:02:
14]} 23. Bxf5 {[%emt 0:00:09]} Qxf5 {[%emt 0:00:48]} 24. Qe7 {[%emt 0:00:18]}
Qc8 {[%emt 0:02:08]} 25. Re1 {[%emt 0:00:23]} Nf6 {[%emt 0:01:24]} 26. g4 {
[%emt 0:00:27]} h6 {[%emt 0:02:01]} 27. Re3 {[%emt 0:01:19]} Rc7 {[%emt 0:02:
00]} 28. Qb4 {[%emt 0:01:08]} Ne4 {[%emt 0:02:04]} 29. Qa4 {[%emt 0:04:56]} Rc4
{[%emt 0:03:17]} 30. Qb3 {[%emt 0:01:28]} Nxc3 {[%emt 0:01:08]} 31. f3 {
[%emt 0:00:35]} Nb5 {[%emt 0:01:38]} 32. a4 {[%emt 0:00:41]} Rc3 {[%emt 0:01:
29]} 0-1

[Event "2019 Tom Weston Open Major"]
[Site "Cardiff"]
[Date "2019.04.20"]
[Round "4.11"]
[White "Williams, Gavin"]
[Black "Harding, Gareth"]
[Result "1-0"]
[WhiteElo "1646"]
[BlackElo "1557"]
[PlyCount "121"]
[EventDate "2019.04.19"]
[EventType "swiss"]
[EventRounds "7"]
[EventCountry "WLS"]

1. e4 {[%emt 0:00:05]} e6 {[%emt 0:00:10]} 2. d4 {[%emt 0:00:20]} d5 {[%emt 0:
00:06]} 3. e5 {[%emt 0:00:25]} c5 {[%emt 0:00:12]} 4. c3 {[%emt 0:00:07]} Nc6 {
[%emt 0:00:15]} 5. Nf3 {[%emt 0:00:09]} Bd7 {[%emt 0:00:27]} 6. Bd3 {[%emt 0:
00:22]} Qb6 {[%emt 0:00:30]} 7. dxc5 {[%emt 0:00:16]} Bxc5 {[%emt 0:00:20]} 8.
O-O {[%emt 0:00:12]} Nge7 {[%emt 0:00:53]} 9. b4 {[%emt 0:00:11]} Nxb4 {
[%emt 0:04:34]} 10. cxb4 {[%emt 0:00:15]} Bxb4 {[%emt 0:02:27]} 11. Be3 {
[%emt 0:02:01]} Bc5 {[%emt 0:12:28]} 12. Bxc5 {[%emt 0:00:27]} Qxc5 {[%emt 0:
00:05]} 13. Nbd2 {[%emt 0:00:12]} Nc6 {[%emt 0:03:30]} 14. Nb3 {[%emt 0:00:39]}
Qe7 {[%emt 0:00:45]} 15. Nbd4 {[%emt 0:01:34]} a6 {[%emt 0:01:23]} 16. Qb3 {
[%emt 0:04:36]} Qb4 {[%emt 0:14:36]} 17. Nxc6 {[%emt 0:02:20]} Qxb3 {[%emt 0:
00:11]} 18. axb3 {[%emt 0:00:07]} bxc6 {[%emt 0:00:04]} 19. Rfc1 {[%emt 0:01:
35]} O-O {[%emt 0:03:59]} 20. Rc5 {[%emt 0:00:29]} f6 {[%emt 0:00:58]} 21. h3 {
[%emt 0:01:31]} Rfb8 {[%emt 0:01:45]} 22. Bc2 {[%emt 0:00:32]} Rb4 {[%emt 0:00:
18]} 23. Ra4 {[%emt 0:01:19]} Rxa4 {[%emt 0:02:50]} 24. bxa4 {[%emt 0:00:04]}
Rb8 {[%emt 0:01:39]} 25. Nd4 {[%emt 0:00:56]} Kf7 {[%emt 0:07:52]} 26. Nf3 {
[%emt 0:00:58]} Rb4 {[%emt 0:01:07]} 27. Ra5 {[%emt 0:01:24]} Rc4 {[%emt 0:06:
41]} 28. Bd3 {[%emt 0:00:53]} Rb4 {[%emt 0:00:43]} 29. Rxa6 {[%emt 0:00:19]} c5
{[%emt 0:00:09]} 30. Ra7 {[%emt 0:01:01]} Ke8 {[%emt 0:02:11]} 31. a5 {[%emt 0:
02:54]} f5 {[%emt 0:01:09]} 32. a6 {[%emt 0:00:39]} c4 {[%emt 0:00:15]} 33. Rb7
{[%emt 0:01:19]} Ra4 {[%emt 0:02:17]} 34. a7 {[%emt 0:00:57]} Bc6 {[%emt 0:01:
57]} 35. Rc7 {[%emt 0:03:40]} Bd7 {[%emt 0:03:30]} 36. Bf1 {[%emt 0:02:46]} Kd8
{[%emt 0:08:04]} 37. Rb7 {[%emt 0:00:25]} Bc6 {[%emt 0:04:09]} 38. Rxg7 {
[%emt 0:00:22]} c3 {[%emt 0:00:20]} 39. Rg8+ {[%emt 0:01:40]} Kc7 {[%emt 0:00:
45]} 40. Rg7+ {[%emt 0:00:16]} Kb6 {[%emt 0:00:28]} 41. Bd3 {[%emt 0:01:18]}
Rxa7 {[%emt 0:07:14]} 42. Rxa7 {[%emt 0:01:35]} Kxa7 {[%emt 0:00:05]} 43. Nd4 {
[%emt 0:00:07]} Bd7 {[%emt 0:00:44]} 44. Kf1 {[%emt 0:00:27]} Kb6 {[%emt 0:00:
20]} 45. Ke2 {[%emt 0:00:31]} Kc5 {[%emt 0:00:30]} 46. Nc2 {[%emt 0:00:18]} h5
{[%emt 0:05:19]} 47. Ke3 {[%emt 0:00:30]} Ba4 {[%emt 0:03:52]} 48. f4 {[%emt 0:
03:10]} Bd7 {[%emt 0:07:49]} 49. g3 {[%emt 0:05:57]} Ba4 {[%emt 0:00:37]} 50.
Nd4 {[%emt 0:00:16]} Bd7 {[%emt 0:00:54]} 51. Be2 {[%emt 0:02:46]} Kb4 {
[%emt 0:02:00]} 52. Bxh5 {[%emt 0:01:08]} Ka3 {[%emt 0:00:35]} 53. Bd1 {
[%emt 0:00:59]} Kb2 {[%emt 0:00:18]} 54. h4 {[%emt 0:00:17]} Be8 {[%emt 0:07:
23]} 55. h5 {[%emt 0:00:21]} Kc1 {[%emt 0:00:17]} 56. Be2 {[%emt 0:02:23]} Kb2
{[%emt 0:00:07]} 57. h6 {[%emt 0:00:25]} Bg6 {[%emt 0:00:50]} 58. Bd3 {[%emt 0:
01:40]} Kc1 {[%emt 0:00:01]} 59. Nxe6 {[%emt 0:03:16]} Kd1 {[%emt 0:00:39]} 60.
Ng5 {[%emt 0:00:39]} c2 {[%emt 0:00:05]} 61. Bxc2+ {[%emt 0:02:24]} 1-0

[Event "2019 Tom Weston Open Major"]
[Site "Cardiff"]
[Date "2019.04.20"]
[Round "4.12"]
[White "Sipho, Donovon"]
[Black "Watkins, Peter"]
[Result "1-0"]
[WhiteElo "1486"]
[BlackElo "1570"]
[PlyCount "59"]
[EventDate "2019.04.19"]
[EventType "swiss"]
[EventRounds "7"]
[EventCountry "WLS"]

1. c4 {[%emt 3:26:35]} Nf6 {[%emt 0:00:35]} 2. Nc3 {[%emt 0:00:09]} e6 {
[%emt 0:00:59]} 3. d4 {[%emt 0:00:41]} d5 {[%emt 0:01:10]} 4. Nf3 {[%emt 0:00:
31]} c6 {[%emt 0:02:08]} 5. e3 {[%emt 0:00:53]} Nbd7 {[%emt 0:01:00]} 6. Bd3 {
[%emt 0:00:34]} Be7 {[%emt 0:03:03]} 7. O-O {[%emt 0:00:08]} dxc4 {[%emt 0:00:
49]} 8. Bxc4 {[%emt 0:00:09]} Nd5 {[%emt 0:00:27]} 9. e4 {[%emt 0:00:53]} Nxc3
{[%emt 0:02:55]} 10. bxc3 {[%emt 0:00:08]} Nf6 {[%emt 0:02:02]} 11. Qd3 {
[%emt 0:00:33]} c5 {[%emt 0:02:57]} 12. Bb3 {[%emt 0:00:50]} cxd4 {[%emt 0:02:
12]} 13. cxd4 {[%emt 0:00:14]} Bd7 {[%emt 0:01:24]} 14. Ne5 {[%emt 0:00:53]}
O-O {[%emt 0:02:29]} 15. Nxd7 {[%emt 0:00:16]} Qxd7 {[%emt 0:00:16]} 16. Bg5 {
[%emt 0:00:55]} Rac8 {[%emt 0:04:21]} 17. e5 {[%emt 0:02:42]} Nd5 {[%emt 0:00:
40]} 18. Bxe7 {[%emt 0:01:58]} Nxe7 {[%emt 0:02:59]} 19. Bc2 {[%emt 0:02:38]}
Ng6 {[%emt 0:01:29]} 20. f4 {[%emt 0:00:43]} Rfd8 {[%emt 0:01:03]} 21. Rad1 {
[%emt 0:01:02]} Qc7 {[%emt 0:02:47]} 22. Bb3 {[%emt 0:01:36]} Nf8 {[%emt 0:02:
05]} 23. Rfe1 {[%emt 0:04:13]} Qc3 {[%emt 0:03:40]} 24. Qe4 {[%emt 0:02:39]}
Qc6 {[%emt 0:02:38]} 25. d5 {[%emt 0:01:37]} exd5 {[%emt 0:01:41]} 26. Bxd5 {
[%emt 0:00:10]} Qc5+ {[%emt 0:00:34]} 27. Kh1 {[%emt 0:00:07]} b6 {[%emt 0:00:
58]} 28. f5 {[%emt 0:02:12]} Qc2 {[%emt 0:01:50]} 29. Qxc2 {[%emt 0:03:43]}
Rxc2 {[%emt 0:00:10]} 30. Bc4 {[%emt 0:01:12]} 1-0